000 00304nam a2200109Ia 4500
008 190216s9999||||xx |||||||||||||| ||und||
100 _a"William J Stanton, Michael J Etzel"
245 0 _aFundamentals Of Marketing
260 _bCalicut University Central Co-Operative
_c1994
300 _a1304p
942 _cBK
999 _c6078
_d6078